000
00303nam a22001337a 4500
020
_q
HB.
040
_c
FIZZA ISHAQ
082
_b
LUH
_a
006.3
100
_a
H,LU.
_9
91758
245
_a
ARTIFICAL INTELLIGENCE & ROBOTICS /
_c
LU.H.
260
_a
SPRINGER ;
_c
2018.
300
_a
326 P. ;
942
_2
ddc
_c
BK
999
_c
589899
_d
589899